000 00842nam a22002057a 4500
999 _c5726
_d5726
003 AR-CdUCM
008 190313b ||||| |||| 00| 0 spa d
040 _aMUNICIPALIDAD PROVINCIAL DEL CUSCO
_cBIBLIOTECA MUNICIPAL DEL CUSCO
082 _a373.15 /
_bP19
100 _aPalomino I. ,Luis
_917049
245 _aTeoria Basica de la Educacion :
_bBases Psicológicas /
260 _aLima :
_bBásicas ,
_c1978.
300 _a160 páginas ;
_c20.2 cm.
505 _aContenido : La psicología como ciencia -- Base Biológicas del comportamiento -- El desarrollo del comportamiento -- El aprendisaje -- Los procesos cognoscitivos -- La motivacion -- La personalidad -- La psicologia educativa...
650 _aPedagogia Escolar
_917050
650 _aPsicologia Infantil
_97924
650 _aEducacion
_9460
942 _2ddc
_cLIBROS
945 _artm